College Quizbowl Stats
College Quizbowl Stats
Circuits
Seasons
Sets
Records
Detailed Stats
About
Loading...
2024 ACF Regionals @ MIT
Tossups
Bonuses
Players
Teams
Categories (Tossup)
Categories (Bonus)
Jaehyun Park
Boston University A
Categories
Category
Powers
Gets
Negs
BBs
Points
Earliest Buzz
Avg. Buzz
First Buzzes
Top 3 Buzzes
History - World History
0
1
0
0
10
99
99.00
0
1
Science - Biology
0
1
0
1
10
118
118.00
0
1
History - Other History
0
0
0
0
0
0.00
0
0
Social Science
0
0
0
0
0
0.00
0
0
Buzzes
Category
Answer
Value
Buzz Position
History - World History
Second Opium War
0
83
History - World History
Second Opium War
0
83
History - World History
Angkor
10
99
History - Other History
San people
0
117
Science - Biology
sea stars
10
118
Social Science
utility
0
131
Social Science
utility
0
131
Previous
1
Next